000 00829nam a2200265 i 4500
999 _c4879
_d4879
001 2755472
003 OSt
005 20220330095954.0
008 800228s1979 enka b 001 0 eng
010 _a 79052497
015 _aGB***
020 _a0815141092 (Year Book Medical)
040 _aDLC
_cDLC
_dDLC
050 0 0 _aRM345
_b.D78 1979
082 0 0 _a615/.71
245 0 0 _aDrugs for heart disease /
_cedited by John Hamer.
260 _a[London] :
_bChapman and Hall ;
_aChicago :
_bdistributed by Year Book Medical Publishers,
_cc1979.
300 _aix, 627 p. :
_bill. ;
_c23 cm.
504 _aIncludes bibliographies and index.
650 0 _aCardiovascular agents.
650 0 _aHeart
_xDiseases
_xChemotherapy.
700 1 _aHamer, John.
906 _a7
_bcbc
_corignew
_d2
_eocip
_f19
_gy-gencatlg
942 _2lcc
_cBK
_nCM